[Event "1.FrauenBL 2018-19"]
[Site "Berlin"]
[Date "2019.03.03"]
[Round "11.2"]
[White "Majdan, Joanna"]
[Black "Antolak, Julia"]
[Result "0-1"]
[WhiteElo "2387"]
[BlackElo "2207"]
[Annotator "NA"]
[PlyCount "72"]
[EventDate "2018.10.27"]
[EventType "team-tourn"]
[EventCountry "GER"]
[SourceTitle "playchess.com"]
[Source "ChessBase"]
[SourceQuality "1"]
[WhiteTeam "Rodewischer SM"]
[BlackTeam "TuRa Harksheide"]
[TimeControl "40/5400+30:1800+30"]

1. e4 {[%emt 0:00:02]} c5 {[%emt 0:00:06]} 2. Nc3 {[%emt 0:00:05]} e6 {[%emt 0:00:00]} 3. Nf3 {[%emt 0:00:04]} d6 {[%emt 0:00:37]} 4. d4 {[%emt 0:00:32]} cxd4 {[%emt 0:00:04]} 5. Nxd4 {[%emt 0:00:04]} Nf6 {[%emt 0:00:04]} 6. Be3 {[%emt 0:00:04]} a6 {[%emt 0:00:29]} 7. f3 {[%emt 0:01:22]} b5 {[%emt 0:00:23]} 8. g4 {[%emt 0:00:00]} h6 {[%emt 0:02:14]} 9. Qd2 {[%emt 0:01:52]} Nbd7 {[%emt 0:09:29]} 10. a3 {[%emt 0:09:21]} Nb6 {[%emt 0:01:45]} 11. Qf2 {[%emt 0:00:49]} Nfd7 {[%emt 0:00:55]} 12. f4 {[%emt 0:01:27]} Bb7 {[%emt 0:04:15]} 13. f5 {[%emt 0:04:39]} e5 {[%emt 0:06:34]} 14. Ne6 {[%emt 0:01:22]} fxe6 {[%emt 0:00:00]} 15. fxe6 {[%emt 0:00:19]} Qf6 {[%emt 0:04:01]} 16. exd7+ {[%emt 0:01:38]} Nxd7 {[%emt 0:00:06]} 17. Qe2 {[%emt 0:05:32]} Qg6 {[%emt 0:08:38]} 18. O-O-O {[%emt 0:10:58]} Rc8 {[%emt 0:00:00]} 19. Rg1 {[%emt 0:02:01]} Be7 {[%emt 0:12:00]} 20. Bh3 {[%emt 0:07:31]} Bg5 {[%emt 0:04:21]} 21. Bxg5 {[%emt 0:06:19]} hxg5 {[%emt 0:00:48]} 22. Rg3 {[%emt 0:00:34]} Nc5 {[%emt 0:02:20]} 23. Re3 {[%emt 0:04:46]} O-O {[%emt 0:05:27]} 24. b4 {[%emt 0:03:18]} Ne6 {[%emt 0:07:22]} 25. Rxd6 Qf7 {[%emt 0:00:00]} 26. Rd1 {[%emt 0:08:54]} Nd4 {[%emt 0:00:00]} 27. Qd2 {[%emt 0:01:22]} Rfd8 {[%emt 0:05:30]} 28. Kb2 {[%emt 0:00:00]} a5 {[%emt 0:02:16]} 29. Nb1 {[%emt 0:05:45]} axb4 {[%emt 0:04:16]} 30. Bg2 {[%emt 0:03:22]} Qe7 {[%emt 0:00:00]} 31. Rd3 {[%emt 0:03:47]} bxa3+ 32. Nxa3 {[%emt 0:00:05]} b4 {[%emt 0:09:16]} 33. Nb5 {[%emt 0:00:35]} Ba6 {[%emt 0:00:00]} 34. Nxd4 {[%emt 0:05:57]} Bxd3 {[%emt 0:01:17]} 35. Nf5 {[%emt 0:00:00]} Qa7 {[%emt 0:00:13]} 36. cxd3 {[%emt 0:00:00]} Qa3+ {[%emt 0:00:05]} 0-1

[Event "1.FrauenBL 2018-19"]
[Site "Berlin"]
[Date "2019.03.03"]
[Round "11.2"]
[White "Misanovic, Vesna"]
[Black "Heinatz, Gundula"]
[Result "1-0"]
[WhiteElo "2249"]
[BlackElo "2174"]
[Annotator "NA"]
[PlyCount "109"]
[EventDate "2018.10.27"]
[EventType "team-tourn"]
[EventCountry "GER"]
[SourceTitle "playchess.com"]
[Source "ChessBase"]
[SourceQuality "1"]
[WhiteTeam "SF Deizisau"]
[BlackTeam "Karlsruher SF"]
[TimeControl "40/5400+30:1800+30"]

1. e4 {[%emt 0:00:06]} g6 {[%emt 0:00:17]} 2. d4 {[%emt 0:00:20]} Bg7 {[%emt 0:00:05]} 3. Bc4 {[%emt 0:02:06]} d6 {[%emt 0:07:30]} 4. Ne2 {[%emt 0:00:39]} Nf6 {[%emt 0:00:45]} 5. f3 {[%emt 0:01:21]} d5 {[%emt 0:02:53]} 6. exd5 {[%emt 0:02:58]} Nxd5 {[%emt 0:00:14]} 7. O-O {[%emt 0:03:08]} O-O {[%emt 0:01:19]} 8. Bb3 {[%emt 0:02:57]} c6 {[%emt 0:04:45]} 9. c4 {[%emt 0:04:21]} Nc7 {[%emt 0:06:05]} 10. Nbc3 {[%emt 0:02:13]} Nd7 {[%emt 0:05:02]} 11. Bg5 {[%emt 0:01:15]} Ne6 {[%emt 0:01:35]} 12. Be3 {[%emt 0:00:13]} a5 {[%emt 0:10:55]} 13. Qd2 {[%emt 0:10:45]} c5 {[%emt 0:08:54]} 14. d5 {[%emt 0:03:14]} Nc7 {[%emt 0:02:54]} 15. Rad1 {[%emt 0:03:30]} Ne8 {[%emt 0:01:06]} 16. Bc2 {[%emt 0:10:19]} Nd6 {[%emt 0:03:06]} 17. b3 {[%emt 0:00:07]} a4 {[%emt 0:00:06]} 18. Nxa4 {[%emt 0:00:40]} Rxa4 {[%emt 0:00:15]} 19. bxa4 {[%emt 0:00:26]} Nxc4 {[%emt 0:00:04]} 20. Qd3 {[%emt 0:00:00]} Nb2 {[%emt 0:06:40]} 21. Qb3 {[%emt 0:15:52]} Nxd1 {[%emt 0:01:42]} 22. Rxd1 {[%emt 0:00:22]} Qc7 {[%emt 0:00:29]} 23. Qb5 {[%emt 0:04:25]} Be5 {[%emt 0:07:18]} 24. h3 {[%emt 0:03:49]} Qd6 {[%emt 0:07:53]} 25. f4 {[%emt 0:03:14]} Bg7 {[%emt 0:00:23]} 26. a5 {[%emt 0:11:21]} Bh6 {[%emt 0:02:41]} 27. Bb3 {[%emt 0:02:27]} Rd8 {[%emt 0:03:09]} 28. Kh1 {[%emt 0:00:41]} Kf8 {[%emt 0:02:37]} 29. Rc1 {[%emt 0:06:07]} Kg8 {[%emt 0:03:48]} 30. Rc4 {[%emt 0:01:19]} Qxd5 {[%emt 0:04:55]} 31. Rxc5 {[%emt 0:00:56]} Qe4 {[%emt 0:00:28]} 32. Rxc8 {[%emt 0:00:17]} Rxc8 {[%emt 0:00:06]} 33. Qxd7 {[%emt 0:00:03]} Rf8 {[%emt 0:01:39]} 34. Qd4 {[%emt 0:00:31]} Qb1+ {[%emt 0:00:29]} 35. Kh2 {[%emt 0:00:09]} Bg7 {[%emt 0:00:37]} 36. Qd5 {[%emt 0:00:11]} Qe1 {[%emt 0:01:15]} 37. Qd2 {[%emt 0:00:24]} Qa1 {[%emt 0:00:31]} 38. Bc5 {[%emt 0:02:32]} Bf6 {[%emt 0:00:44]} 39. Qe3 {[%emt 0:00:38]} Qe1 {[%emt 0:01:29]} 40. Ng3 {[%emt 0:01:42]} Qxe3 {[%emt 0:01:29]} 41. Bxe3 {[%emt 0:30:23]} Ra8 {[%emt 0:02:33]} 42. Bd2 {[%emt 0:00:00]} Rd8 {[%emt 0:03:09]} 43. Ne4 {[%emt 0:00:00]} Bd4 {[%emt 0:01:10]} 44. Bb4 {[%emt 0:00:00]} Kg7 {[%emt 0:05:01]} 45. Nc5 {[%emt 0:00:00]} Rb8 {[%emt 0:04:36]} 46. Bd5 {[%emt 0:00:00]} e6 {[%emt 0:00:31]} 47. Bf3 {[%emt 0:00:00]} Be3 {[%emt 0:10:07]} 48. Kg3 {[%emt 0:00:00]} h5 {[%emt 0:03:29]} 49. h4 {[%emt 0:00:00]} Rc8 {[%emt 0:01:59]} 50. Nxb7 {[%emt 0:00:00]} Rc4 {[%emt 0:00:10]} 51. Bd6 {[%emt 0:00:00]} Ra4 {[%emt 0:00:51]} 52. a3 {[%emt 0:00:00]} Bc1 {[%emt 0:02:24]} 53. Bd1 {[%emt 0:00:00]} Rc4 {[%emt 0:02:13]} 54. a6 {[%emt 0:00:00]} Be3 {[%emt 0:00:25]} 55. Bb8 {[%emt 0:00:00]} 1-0

[Event "1.FrauenBL 2018-19"]
[Site "Berlin"]
[Date "2019.03.03"]
[Round "11.2"]
[White "Jahn, Constanze"]
[Black "Melamed, Tatjana"]
[Result "1/2-1/2"]
[WhiteElo "2063"]
[BlackElo "2359"]
[Annotator "NA"]
[PlyCount "57"]
[EventDate "2018.10.27"]
[EventType "team-tourn"]
[EventCountry "GER"]
[SourceTitle "playchess.com"]
[Source "ChessBase"]
[SourceQuality "1"]
[WhiteTeam "Pankow"]
[BlackTeam "Bad Koenigshofen"]
[TimeControl "40/5400+30:1800+30"]

1. e4 {[%emt 0:00:03]} c5 {[%emt 0:00:16]} 2. Nf3 {[%emt 0:00:03]} e6 {[%emt 0:00:54]} 3. b3 {[%emt 0:00:06]} d6 {[%emt 0:02:52]} 4. Bb5+ {[%emt 0:04:18]} Nd7 {[%emt 0:04:18]} 5. O-O {[%emt 0:04:16]} Be7 {[%emt 0:02:54]} 6. Bb2 {[%emt 0:01:03]} Ngf6 {[%emt 0:02:30]} 7. Re1 {[%emt 0:04:50]} O-O {[%emt 0:03:41]} 8. d4 {[%emt 0:03:41]} cxd4 {[%emt 0:02:40]} 9. Nxd4 {[%emt 0:01:09]} Nc5 {[%emt 0:03:41]} 10. Nd2 {[%emt 0:02:24]} a6 {[%emt 0:06:27]} 11. Bf1 {[%emt 0:01:13]} Re8 {[%emt 0:00:36]} 12. c4 {[%emt 0:06:28]} e5 {[%emt 0:06:43]} 13. Nc2 {[%emt 0:05:16]} Bf8 {[%emt 0:01:31]} 14. Nb4 {[%emt 0:05:58]} Bg4 {[%emt 0:08:59]} 15. Qc2 {[%emt 0:12:54]} Rc8 {[%emt 0:01:16]} 16. Nd3 {[%emt 0:01:56]} Nfd7 {[%emt 0:08:38]} 17. b4 {[%emt 0:05:34]} Nxd3 {[%emt 0:02:53]} 18. Qxd3 {[%emt 0:00:13]} a5 {[%emt 0:02:09]} 19. a3 {[%emt 0:00:42]} Be6 {[%emt 0:00:22]} 20. Rec1 {[%emt 0:13:48]} Qb6 {[%emt 0:03:03]} 21. Bc3 {[%emt 0:01:16]} g6 {[%emt 0:03:25]} 22. c5 {[%emt 0:02:49]} dxc5 {[%emt 0:05:20]} 23. bxa5 {[%emt 0:00:06]} Qc6 {[%emt 0:06:10]} 24. Nc4 {[%emt 0:00:38]} Red8 {[%emt 0:01:58]} 25. Qe3 {[%emt 0:01:45]} Qa4 {[%emt 0:04:29]} 26. Bd2 {[%emt 0:03:48]} Qc6 {[%emt 0:04:47]} 27. Bc3 {[%emt 0:00:36]} Qa4 {[%emt 0:01:12]} 28. Bd2 {[%emt 0:00:04]} Qc6 {[%emt 0:00:00]} 29. Bc3 {[%emt 0:00:03]} 1/2-1/2

[Event "1.FrauenBL 2018-19"]
[Site "Berlin"]
[Date "2019.03.03"]
[Round "11.3"]
[White "Kosteniuk, Alexandra"]
[Black "Javakhishvili, Lela"]
[Result "1/2-1/2"]
[WhiteElo "2545"]
[BlackElo "2455"]
[Annotator "TA"]
[PlyCount "52"]
[EventDate "2018.10.27"]
[EventType "team-tourn"]
[EventCountry "GER"]
[SourceTitle "playchess.com"]
[Source "ChessBase"]
[SourceQuality "1"]
[WhiteTeam "OSG Baden-Baden"]
[BlackTeam "SK Schwaebisch Hall"]

{[%evp 9,52,10,32,23,24,10,53,3,0,28,74,31,47,41,58,70,68,62,69,28,16,-22,0,0,0,0,0,0,0,-66,-51,-74,-31,-106,-101,-108,-88,-87,-89,-111,-77,-114,-117,-127,-124]} 1. e4 d6 2. d4 Nf6 3. Nc3 g6 4. Be3 c6 5. h4 (5. Nf3 Bg7 6. Qd2 b5 7. Bd3 Bg4 8. e5 b4 9. Ne4 Nd5 10. Bh6 O-O 11. h4 Bxf3 12. gxf3 dxe5 13. h5 Bh8 14. Ng5 Bf6 15. Nxh7 Kxh7 16. hxg6+ Kg8 17. g7 Re8 18. O-O-O {1-0 (18) Fressinet,L (2650)-Almasi,Z (2682) Germany 2018}) 5... Bg7 6. f3 {B07: Pirc Defence: Miscellaneous Systems} h5 7. Nh3 Nbd7 8. Bc4 $146 {White is slightly better.} ({Predecessor:} 8. Qd2 Qa5 9. Bc4 b5 10. Bb3 Rb8 11. Ng5 O-O 12. O-O Qc7 {½-½ (56) Klaric,Z (2440)-Zivkovic,V (2260) Makarska Tucepi 1995}) 8... d5 9. Bb3 Nb6 10. Qe2 a5 {[#] aiming for ...Bxh3.} 11. a4 Bxh3 12. Rxh3 dxe4 13. fxe4 Ng4 14. Bg1 Bh6 15. Rf3 O-O 16. g3 Nd7 17. e5 e6 18. Ne4 c5 19. Nd6 ({White should play} 19. c3 $11) 19... cxd4 $1 $15 20. Bxd4 {[#] Strongly threatening Nxf7.} Qe7 21. Bc3 (21. Rc3 $15) 21... Bg7 $17 {[%cal Rd7e5] Black is better.} 22. Nc4 Qc5 23. O-O-O Ndxe5 24. Nxe5 Nxe5 25. Rf4 Rad8 26. Rdf1 b6 {Accuracy: White = 43%, Black = 73%.} 1/2-1/2

[Event "1.FrauenBL 2018-19"]
[Site "Berlin"]
[Date "2019.03.03"]
[Round "11.3"]
[White "Obolentseva, Alexandra"]
[Black "Wagner-Michel, Annett"]
[Result "1-0"]
[WhiteElo "2324"]
[BlackElo "2059"]
[Annotator "NA"]
[PlyCount "133"]
[EventDate "2018.10.27"]
[EventType "team-tourn"]
[EventCountry "GER"]
[SourceTitle "playchess.com"]
[Source "ChessBase"]
[SourceQuality "1"]
[WhiteTeam "Bad Koenigshofen"]
[BlackTeam "Pankow"]
[TimeControl "40/5400+30:1800+30"]

1. d4 {[%emt 0:00:00]} d5 {[%emt 0:00:04]} 2. c4 {[%emt 0:00:13]} e6 {[%emt 0:00:00]} 3. Nc3 {[%emt 0:00:00]} Nf6 {[%emt 0:00:14]} 4. cxd5 {[%emt 0:00:05]} exd5 {[%emt 0:00:09]} 5. Bg5 {[%emt 0:00:21]} Be7 {[%emt 0:00:00]} 6. e3 {[%emt 0:00:11]} O-O {[%emt 0:00:00]} 7. Bd3 {[%emt 0:00:07]} Nbd7 {[%emt 0:03:12]} 8. Nf3 {[%emt 0:00:58]} c6 {[%emt 0:00:42]} 9. Qc2 {[%emt 0:00:20]} h6 {[%emt 0:02:26]} 10. Bh4 {[%emt 0:04:32]} Re8 {[%emt 0:00:12]} 11. O-O {[%emt 0:00:12]} Nf8 {[%emt 0:00:00]} 12. Rae1 {[%emt 0:14:12]} Nh5 {[%emt 0:00:00]} 13. Bxe7 {[%emt 0:00:00]} Rxe7 {[%emt 0:16:32]} 14. b4 {[%emt 0:00:00]} Bd7 {[%emt 0:07:20]} 15. b5 {[%emt 0:00:00]} Nf6 {[%emt 0:00:00]} 16. Ne5 {[%emt 0:00:00]} cxb5 {[%emt 0:00:00]} 17. Nxb5 {[%emt 0:00:00]} Bxb5 {[%emt 0:07:54]} 18. Bxb5 {[%emt 0:00:00]} Rc7 {[%emt 0:06:05]} 19. Qb2 {[%emt 0:23:39]} Rac8 {[%emt 0:02:23]} 20. Bd3 {[%emt 0:00:00]} g6 {[%emt 0:02:39]} 21. Qb1 {[%emt 0:00:00]} Kg7 {[%emt 0:00:00]} 22. f4 {[%emt 0:15:32]} Qe7 {[%emt 0:14:33]} 23. g4 {[%emt 0:04:03]} Rc3 {[%emt 0:00:00]} 24. g5 {[%emt 0:00:00]} Ng8 {[%emt 0:16:29]} 25. h4 {[%emt 0:16:29]} R8c7 {[%emt 0:04:53]} 26. Qb5 {[%emt 0:00:00]} f6 {[%emt 0:01:29]} 27. Ng4 {[%emt 0:00:00]} h5 {[%emt 0:02:33]} 28. Nf2 {[%emt 0:08:55]} Qd7 {[%emt 0:00:00]} 29. Qb1 {[%emt 0:00:00]} f5 {[%emt 0:04:53]} 30. Rc1 {[%emt 0:00:00]} Ne7 {[%emt 0:01:00]} 31. Rxc3 {[%emt 0:00:00]} Rxc3 {[%emt 0:00:02]} 32. Rc1 {[%emt 0:00:00]} Rxc1+ {[%emt 0:00:30]} 33. Qxc1 {[%emt 0:00:00]} Qc6 {[%emt 0:00:00]} 34. Qa3 {[%emt 0:00:00]} Nc8 {[%emt 0:00:00]} 35. Bf1 {[%emt 0:07:46]} Nd7 {[%emt 0:05:37]} 36. Nd3 {[%emt 0:00:00]} a6 {[%emt 0:00:00]} 37. Bg2 {[%emt 0:00:00]} Qb5 {[%emt 0:03:44]} 38. Kh2 {[%emt 0:00:00]} Ndb6 {[%emt 0:00:00]} 39. Ne5 {[%emt 0:00:00]} Nc4 {[%emt 0:01:19]} 40. Qc3 {[%emt 0:00:00]} N8b6 {[%emt 0:01:03]} 41. Nxc4 {[%emt 0:00:00]} Nxc4 {[%emt 0:31:44]} 42. a4 {[%emt 0:00:00]} Qd7 {[%emt 0:00:00]} 43. Kg3 {[%emt 0:14:28]} b6 {[%emt 0:00:00]} 44. Kf2 {[%emt 0:09:49]} a5 {[%emt 0:00:00]} 45. Qb3 {[%emt 0:00:00]} Qe6 {[%emt 0:00:00]} 46. Bf3 {[%emt 0:02:55]} Kf8 {[%emt 0:00:00]} 47. Be2 {[%emt 0:02:28]} Nd2 {[%emt 0:00:00]} 48. Qa3+ {[%emt 0:00:00]} Kf7 {[%emt 0:00:00]} 49. Qc1 {[%emt 0:00:00]} Ne4+ {[%emt 0:00:00]} 50. Kf3 {[%emt 0:06:38]} Kf8 {[%emt 0:00:39]} 51. Bd3 {[%emt 0:00:00]} Ke7 {[%emt 0:00:00]} 52. Bb5 {[%emt 0:09:46]} Kd8 {[%emt 0:04:09]} 53. Qc2 {[%emt 0:00:00]} Nd6 {[%emt 0:00:53]} 54. Qc6 {[%emt 0:00:00]} Qe4+ {[%emt 0:00:05]} 55. Kf2 {[%emt 0:01:48]} Nxb5 {[%emt 0:00:17]} 56. axb5 {[%emt 0:00:00]} Ke7 {[%emt 0:01:33]} 57. Qf6+ {[%emt 0:00:00]} Kd7 {[%emt 0:00:20]} 58. Qxg6 {[%emt 0:00:00]} Qc2+ {[%emt 0:00:06]} 59. Kg3 {[%emt 0:02:16]} Qb1 {[%emt 0:00:35]} 60. Qc6+ {[%emt 0:00:00]} Ke7 {[%emt 0:00:00]} 61. Kf2 {[%emt 0:00:00]} Qa2+ {[%emt 0:01:37]} 62. Kf3 {[%emt 0:02:12]} Qc4 {[%emt 0:00:25]} 63. Qxc4 {[%emt 0:00:00]} dxc4 {[%emt 0:00:02]} 64. Ke2 {[%emt 0:00:27]} a4 {[%emt 0:00:17]} 65. Kd2 {[%emt 0:00:00]} a3 {[%emt 0:00:18]} 66. Kc2 {[%emt 0:00:00]} a2 {[%emt 0:01:08]} 67. Kb2 {[%emt 0:01:43]} 1-0

[Event "1.FrauenBL 2018-19"]
[Site "Berlin"]
[Date "2019.03.03"]
[Round "11.3"]
[White "Mader, Manuela"]
[Black "Jelica, Mara"]
[Result "1-0"]
[WhiteElo "2156"]
[BlackElo "2147"]
[Annotator "NA"]
[PlyCount "87"]
[EventDate "2018.10.27"]
[EventType "team-tourn"]
[EventCountry "GER"]
[SourceTitle "playchess.com"]
[Source "ChessBase"]
[SourceQuality "1"]
[WhiteTeam "Karlsruher SF"]
[BlackTeam "SF Deizisau"]
[TimeControl "40/5400+30:1800+30"]

1. e4 {[%emt 0:00:03]} e5 {[%emt 0:00:00]} 2. Nf3 {[%emt 0:00:05]} Nc6 {[%emt 0:00:07]} 3. Bb5 {[%emt 0:00:05]} Nge7 {[%emt 0:00:06]} 4. O-O {[%emt 0:01:29]} g6 {[%emt 0:00:07]} 5. c3 {[%emt 0:05:03]} Bg7 {[%emt 0:00:09]} 6. d4 {[%emt 0:04:34]} exd4 {[%emt 0:00:24]} 7. cxd4 {[%emt 0:00:54]} d5 {[%emt 0:02:36]} 8. e5 {[%emt 0:01:16]} O-O {[%emt 0:00:05]} 9. h3 {[%emt 0:08:04]} h6 {[%emt 0:05:36]} 10. Nc3 {[%emt 0:10:49]} a6 {[%emt 0:07:28]} 11. Ba4 {[%emt 0:06:30]} Bf5 {[%emt 0:04:22]} 12. Nh4 {[%emt 0:11:19]} Be6 {[%emt 0:08:26]} 13. f4 {[%emt 0:00:00]} f6 {[%emt 0:09:08]} 14. Nf3 {[%emt 0:07:37]} Nf5 {[%emt 0:05:37]} 15. Re1 {[%emt 0:12:07]} b5 {[%emt 0:04:24]} 16. Bc2 {[%emt 0:00:00]} fxe5 {[%emt 0:00:40]} 17. dxe5 {[%emt 0:11:38]} Kh7 {[%emt 0:10:52]} 18. a3 {[%emt 0:02:11]} b4 {[%emt 0:23:07]} 19. Na4 {[%emt 0:03:09]} Qe7 {[%emt 0:00:00]} 20. Qd3 {[%emt 0:00:54]} Kg8 {[%emt 0:00:00]} 21. Bd2 {[%emt 0:01:07]} Rfd8 {[%emt 0:00:00]} 22. Rec1 {[%emt 0:00:00]} a5 {[%emt 0:00:00]} 23. g4 {[%emt 0:00:00]} Ng3 {[%emt 0:02:19]} 24. Bd1 {[%emt 0:00:00]} Qe8 {[%emt 0:02:11]} 25. Nc5 {[%emt 0:08:06]} Bf7 {[%emt 0:02:19]} 26. Ba4 {[%emt 0:01:02]} Ne4 {[%emt 0:04:49]} 27. Bxc6 {[%emt 0:00:00]} Qxc6 {[%emt 0:00:04]} 28. Nxe4 dxe4 29. Qxd8+ {[%emt 0:02:45]} Rxd8 {[%emt 0:00:11]} 30. Rxc6 {[%emt 0:00:04]} exf3 {[%emt 0:00:04]} 31. Be3 {[%emt 0:00:12]} Rd3 {[%emt 0:00:41]} 32. Re1 {[%emt 0:02:14]} bxa3 33. bxa3 Rxa3 {[%emt 0:06:56]} 34. Rxc7 {[%emt 0:01:19]} Ra2 {[%emt 0:00:00]} 35. Bf2 {[%emt 0:00:27]} Be6 {[%emt 0:01:45]} 36. Rb1 {[%emt 0:01:06]} Bf8 {[%emt 0:00:00]} 37. Rb8 {[%emt 0:01:14]} h5 {[%emt 0:00:22]} 38. Ra7 {[%emt 0:01:08]} hxg4 {[%emt 0:00:52]} 39. hxg4 {[%emt 0:00:00]} Bd5 {[%emt 0:02:25]} 40. Rd7 {[%emt 0:00:00]} Be6 {[%emt 0:01:04]} 41. Rdd8 {[%emt 0:31:01]} Bxg4 {[%emt 0:30:02]} 42. Rxf8+ {[%emt 0:00:12]} Kg7 {[%emt 0:00:03]} 43. e6 {[%emt 0:00:32]} g5 {[%emt 0:00:25]} 44. Rf7+ {[%emt 0:01:15]} 1-0

[Event "1.FrauenBL 2018-19"]
[Site "Berlin"]
[Date "2019.03.03"]
[Round "11.3"]
[White "Gosciniak, Maria"]
[Black "Lubbe, Melanie"]
[Result "0-1"]
[WhiteElo "2116"]
[BlackElo "2288"]
[Annotator "NA"]
[PlyCount "200"]
[EventDate "2018.10.27"]
[EventType "team-tourn"]
[EventCountry "GER"]
[SourceTitle "playchess.com"]
[Source "ChessBase"]
[SourceQuality "1"]
[WhiteTeam "TuRa Harksheide"]
[BlackTeam "Rodewischer SM"]
[TimeControl "40/5400+30:1800+30"]

1. c4 {[%emt 0:00:05]} Nf6 {[%emt 0:00:07]} 2. Nc3 {[%emt 0:00:04]} g6 {[%emt 0:00:05]} 3. g3 {[%emt 0:00:04]} Bg7 {[%emt 0:00:05]} 4. Bg2 {[%emt 0:00:02]} O-O {[%emt 0:00:07]} 5. e4 {[%emt 0:00:12]} d6 {[%emt 0:01:41]} 6. Nge2 {[%emt 0:01:07]} e5 {[%emt 0:03:37]} 7. O-O {[%emt 0:00:05]} c6 {[%emt 0:02:51]} 8. d3 {[%emt 0:07:25]} a6 {[%emt 0:00:58]} 9. a4 {[%emt 0:03:21]} a5 {[%emt 0:01:12]} 10. h3 {[%emt 0:00:44]} Na6 {[%emt 0:05:03]} 11. Be3 {[%emt 0:04:44]} Nb4 {[%emt 0:07:52]} 12. d4 {[%emt 0:20:21]} Nd7 {[%emt 0:10:05]} 13. f4 {[%emt 0:07:08]} exd4 {[%emt 0:10:11]} 14. Bxd4 {[%emt 0:02:24]} Nc5 {[%emt 0:15:55]} 15. Bxg7 {[%emt 0:12:08]} Kxg7 {[%emt 0:00:05]} 16. f5 {[%emt 0:00:06]} f6 {[%emt 0:02:47]} 17. fxg6 hxg6 {[%emt 0:00:06]} 18. Nf4 {[%emt 0:06:10]} Qe7 {[%emt 0:03:49]} 19. Rf2 {[%emt 0:16:08]} Be6 {[%emt 0:03:52]} 20. b3 {[%emt 0:06:41]} Bf7 {[%emt 0:00:44]} 21. Rb1 {[%emt 0:07:23]} Qe5 {[%emt 0:02:46]} 22. Qf3 {[%emt 0:02:06]} g5 {[%emt 0:05:27]} 23. Nfe2 {[%emt 0:00:31]} Bg6 {[%emt 0:00:16]} 24. g4 {[%emt 0:02:47]} Rae8 {[%emt 0:03:40]} 25. Qg3 {[%emt 0:00:01]} d5 {[%emt 0:03:24]} 26. cxd5 {[%emt 0:01:02]} cxd5 {[%emt 0:00:10]} 27. Rd1 {[%emt 0:00:38]} dxe4 {[%emt 0:01:32]} 28. Qxe5 {[%emt 0:00:25]} Rxe5 {[%emt 0:00:06]} 29. Ng3 {[%emt 0:00:21]} e3 {[%emt 0:02:49]} 30. Re2 {[%emt 0:00:07]} Nbd3 {[%emt 0:06:54]} 31. Nf1 {[%emt 0:00:55]} Rfe8 {[%emt 0:01:29]} 32. Nd5 {[%emt 0:00:30]} Nxb3 {[%emt 0:01:01]} 33. Rxe3 {[%emt 0:00:22]} Nbc5 {[%emt 0:00:30]} 34. Rxe5 {[%emt 0:00:41]} fxe5 {[%emt 0:00:54]} 35. Nc3 {[%emt 0:00:25]} e4 {[%emt 0:01:35]} 36. Ne3 {[%emt 0:00:14]} Kf6 {[%emt 0:00:36]} 37. Rb1 {[%emt 0:00:36]} Ke5 {[%emt 0:00:44]} 38. Rb5 {[%emt 0:00:31]} Kd4 {[%emt 0:01:06]} 39. Ncd1 {[%emt 0:00:07]} Ra8 {[%emt 0:01:33]} 40. Nc2+ {[%emt 0:00:38]} Ke5 {[%emt 0:00:45]} 41. Nf2 Rc8 {[%emt 0:07:37]} 42. Bf1 {[%emt 0:17:12]} Nxf2 {[%emt 0:05:39]} 43. Kxf2 {[%emt 0:00:08]} Be8 {[%emt 0:04:24]} 44. Rxa5 {[%emt 0:01:49]} Bxa4 {[%emt 0:01:04]} 45. Ne3 {[%emt 0:01:10]} Kd6 {[%emt 0:03:52]} 46. Nc4+ Kc6 {[%emt 0:00:52]} 47. Ne5+ {[%emt 0:02:08]} Kd5 {[%emt 0:00:44]} 48. Nc4 {[%emt 0:02:48]} Rf8+ {[%emt 0:00:38]} 49. Kg2 {[%emt 0:00:07]} Kd4 {[%emt 0:02:18]} 50. Nd6 b6 {[%emt 0:00:43]} 51. Ra7 {[%emt 0:03:58]} Bd7 {[%emt 0:00:42]} 52. Ra1 {[%emt 0:02:30]} Nd3 {[%emt 0:03:13]} 53. Kg1 Kd5 {[%emt 0:03:05]} 54. Nxe4 {[%emt 0:03:05]} Rxf1+ {[%emt 0:00:08]} 55. Rxf1 {[%emt 0:00:39]} Kxe4 {[%emt 0:00:02]} 56. Rf7 {[%emt 0:00:14]} Ne5 {[%emt 0:00:55]} 57. Rf8 {[%emt 0:01:04]} b5 {[%emt 0:00:17]} 58. Kg2 {[%emt 0:00:51]} b4 {[%emt 0:02:25]} 59. Rb8 {[%emt 0:00:03]} Nd3 {[%emt 0:01:07]} 60. Kg3 {[%emt 0:00:03]} Be6 {[%emt 0:00:49]} 61. h4 {[%emt 0:01:08]} gxh4+ {[%emt 0:00:02]} 62. Kxh4 {[%emt 0:00:03]} b3 {[%emt 0:00:06]} 63. g5 {[%emt 0:00:43]} Nf4 {[%emt 0:01:34]} 64. Rb4+ {[%emt 0:01:57]} Kf5 {[%emt 0:00:35]} 65. Rb5+ {[%emt 0:00:02]} Kg6 {[%emt 0:00:24]} 66. Rb6 {[%emt 0:00:10]} Kf7 {[%emt 0:01:01]} 67. Rb7+ {[%emt 0:00:25]} Kf8 {[%emt 0:00:15]} 68. g6 {[%emt 0:01:58]} Nxg6+ {[%emt 0:00:47]} 69. Kg5 {[%emt 0:00:02]} Ne5 {[%emt 0:00:30]} 70. Kf6 {[%emt 0:01:13]} Nd7+ {[%emt 0:00:02]} 71. Kg5 {[%emt 0:00:00]} Ke7 {[%emt 0:00:03]} 72. Kf4 {[%emt 0:01:00]} Kd6 {[%emt 0:00:14]} 73. Ke3 {[%emt 0:00:21]} Nc5 {[%emt 0:00:30]} 74. Rb4 {[%emt 0:00:27]} Kc6 {[%emt 0:01:12]} 75. Kd4 {[%emt 0:00:19]} Na6 {[%emt 0:00:08]} 76. Ra4 {[%emt 0:00:43]} b2 {[%emt 0:01:23]} 77. Rxa6+ {[%emt 0:00:04]} Kc7 {[%emt 0:00:27]} 78. Rxe6 {[%emt 0:00:21]} b1=Q {[%emt 0:00:03]} 79. Ke5 {[%emt 0:00:35]} Qb5+ {[%emt 0:00:13]} 80. Kf6 {[%emt 0:00:10]} Kd7 {[%emt 0:00:15]} 81. Re7+ {[%emt 0:00:05]} Kd8 {[%emt 0:00:12]} 82. Re5 {[%emt 0:00:44]} Qb6+ {[%emt 0:00:28]} 83. Kf5 {[%emt 0:00:17]} Kd7 {[%emt 0:00:12]} 84. Rd5+ {[%emt 0:00:41]} Ke7 {[%emt 0:00:06]} 85. Re5+ {[%emt 0:00:02]} Kf7 {[%emt 0:00:07]} 86. Ke4 {[%emt 0:00:16]} Kg6 {[%emt 0:01:18]} 87. Rd5 {[%emt 0:01:19]} Qc7 {[%emt 0:01:40]} 88. Rd4 {[%emt 0:00:59]} Kf6 {[%emt 0:00:12]} 89. Rd5 {[%emt 0:01:11]} Ke6 {[%emt 0:00:28]} 90. Rd4 {[%emt 0:00:28]} Qc3 {[%emt 0:00:25]} 91. Rd3 {[%emt 0:00:21]} Qe5+ {[%emt 0:00:24]} 92. Kf3 {[%emt 0:00:01]} Kf5 {[%emt 0:00:09]} 93. Re3 {[%emt 0:00:18]} Qd4 {[%emt 0:00:30]} 94. Ke2 {[%emt 0:01:16]} Kf4 {[%emt 0:00:23]} 95. Rf3+ {[%emt 0:00:35]} Ke4 {[%emt 0:00:05]} 96. Rf8 {[%emt 0:00:31]} Qc4+ {[%emt 0:01:34]} 97. Kd1 {[%emt 0:00:18]} Qa4+ {[%emt 0:00:39]} 98. Ke2 {[%emt 0:00:03]} Qb5+ {[%emt 0:00:43]} 99. Kd1 {[%emt 0:00:43]} Ke3 {[%emt 0:00:42]} 100. Rc8 {[%emt 0:00:59]} Qb1+ {[%emt 0:00:12]} 0-1